00956nam a2200277 a 4500001000400000003001000004005001700014008004100031020001800072040002500090080001600115090002600131100003600157245007500193250002700268260003500295300002700330504003600357650003600393650002900429650003800458650003600496942001200532952012100544999001300665975BR-CuiBMT20231128214650.0231124s2010 spbab 001 0 por d a9788502078307 aBR-CuiBMTcBR-CuiBMT 22007a341.1 a341.1bR467dc12. ed.1 aRezek, José Francisco,d1944-10aDireito internacional público :bcurso elementar /cFrancisco Rezek. a12. ed., rev. e atual. aSão Paulo :bSaraiva,c2010. a429 p. :bil. ;c23 cm aInclui bibliografia e índice. aDireito internacional público aConflitos internacionais aRelações exterioresxTratados aRelações exterioresxNormas 2udccLV 00102udc4070aBIBTCEMTbBIBTCEMTd2023-11-24l0o341.1 R467dpBIBTCEMT23111042r2023-11-24tEx. 1w2023-11-24yLV c975d975